000 00292nam a22001337a 4500
008 190226b xxu||||| |||| 00| 0 eng d
020 _a9781889793221
041 _aeng
080 _a610
100 _a4
101 _aSHM
245 _aHome-Centered Health Care
_cMagee, M
942 _2udc
_cBK
999 _c54280
_d54280